Profitability and Business Policy (Record no. 1083978)

MARC details
000 -LEADER
fixed length control field 00337nam a2200121Ia 4500
008 - FIXED-LENGTH DATA ELEMENTS--GENERAL INFORMATION
fixed length control field 231228s1998 xx 000 0 und d
041 ## - LANGUAGE CODE
Language code of text/sound track or separate title eng
082 ## - DEWEY DECIMAL CLASSIFICATION NUMBER
Classification number 658.4012
Item number LAL
100 ## - MAIN ENTRY--PERSONAL NAME
Personal name LAL (Subhash)
245 ## - TITLE STATEMENT
Title Profitability and Business Policy
260 ## - PUBLICATION, DISTRIBUTION, ETC.
Place of publication, distribution, etc. New Delhi
Name of publisher, distributor, etc. Anmol Publications Pvt Ltd New Delhi
Date of publication, distribution, etc. 1998
300 ## - PHYSICAL DESCRIPTION
Extent VIII,312

No items available.